Tendencias actuales de la Historiografía
Guardat en:
| Autor principal: | |
|---|---|
| Format: | Llibre |
| Idioma: | espanyol |
| Publicat: |
Valladolid, España
Universidad de Valladolid
1957
|
| Col·lecció: | Estudios y documentos.
12 |
| Matèries: | |
| Etiquetes: |
Afegir etiqueta
Sense etiquetes, Sigues el primer a etiquetar aquest registre!
|
MARC
| LEADER | 00000nam a2200000 a 4500 | ||
|---|---|---|---|
| 001 | UCP8564 | ||
| 003 | CL-VaPUC | ||
| 005 | 20220405074130.0 | ||
| 008 | 000303e19570000SP |||||||||||||||||spa|d | ||
| 999 | |c 285456 |d 285454 | ||
| 040 | |c Pontificia Universidad Católica de Valparaíso | ||
| 082 | 0 | 4 | |a 907.2 VOL 1957 |2 21 |
| 100 | 0 | |a Voltes Bou, Pedro |9 438610 | |
| 245 | 1 | 0 | |a Tendencias actuales de la Historiografía |
| 260 | 0 | 3 | |a Valladolid, España |b Universidad de Valladolid |c 1957 |
| 300 | |a 68 páginas | ||
| 490 | 0 | |a Estudios y documentos. |v 12 | |
| 583 | |a last modification |c 20000303 00:00:00 |k Rodrigo Vera | ||
| 650 | 0 | |a Historiografía |9 257871 | |
| 650 | 0 | |a Escuelas |9 308582 | |
| 942 | |c BK |2 ddc | ||
| 945 | |d 20000303 00:00:00 |a rherrera | ||
| 952 | |0 0 |1 0 |2 ddc |4 0 |6 907_200000000000000_VOL_1957 |7 0 |8 A |9 330090 |a BIBHIS |b BIBHIS |d 2019-11-20 |i 1392719 |l 2 |o 907.2 VOL 1957 |p 1392719 |q 2023-05-02 |r 2023-04-25 |s 2023-04-25 |t 1 |w 2019-11-20 |y BK |k HIS | ||